000 01127cam a2200241 4500
001 L130174
008 050630n2005 000 0 eng u
020 _a1842192337
035 _a(Sirsi) u130174
041 0 _aeng
100 1 _aMcIntosh, Angus
245 0 0 _aShariah property investment
_bdeveloping an international strategy
_h[electronic resource]
260 _aLondon
_RICS
_c2005
490 0 _aCOBRA
_v2005
520 _aDiscusses the features of Shariah-compliant real estate investment and the forecasted growth for the industry. Discusses the range of skills available in London and how this could place the UK commercial property industry in a position to take advantage of the growth in Shariah compliant real estate investment.
651 4 _aMiddle East
651 4 _aEurope
690 _aPROPERTY-COMMERCIAL PROPERTY-COMMERCIAL PROPERTY FINANCE AND INVESTMENT
700 1 _aParsa, Ali
711 2 _aConstruction and Building Research Conference
_n10th
_d2005
_cLondon
856 4 0 _uhttps://www.rics.org/Global/Downloads/ShariaFull200507.pdf
_zView the item free of charge at www.rics.org...
942 _n0
999 _c104374
_d104374